Statistics for U.S. States - Type the First Letter

Click here to take the quiz!

General Stats

  • This quiz has been taken 57,291 times
  • The average score is 35 of 50

Answers on the Map

Answers color-coded by a green-red scale on the quiz's map according to % correct below.
 

Answer Stats

State% Correct
Alaska
71%
California
71%
Florida
71%
Hawaii
71%
Maine
71%
Michigan
71%
Texas
71%
Washington
71%
Alabama
70%
Arizona
70%
Georgia
70%
Idaho
70%
Illinois
70%
Indiana
70%
Louisiana
70%
Massachusetts
70%
Minnesota
70%
Montana
70%
Nevada
70%
New Hampshire
70%
New Mexico
70%
New York
70%
North Carolina
70%
North Dakota
70%
Oregon
70%
Pennsylvania
70%
Rhode Island
70%
South Carolina
70%
Arkansas
69%
Colorado
69%
Delaware
69%
Kentucky
69%
Maryland
69%
Mississippi
69%
Nebraska
69%
New Jersey
69%
Ohio
69%
Oklahoma
69%
South Dakota
69%
Tennessee
69%
Utah
69%
Vermont
69%
Virginia
69%
West Virginia
69%
Wisconsin
69%
Wyoming
69%
Connecticut
68%
Iowa
68%
Kansas
68%
Missouri
68%

Score Distribution

Percentile by Number Answered

Percent of People with Each Score

Your Score History

You have not taken this quiz